00329nam a2200145Ia 4500008004100000020001800041041000800059082001500067100002200082245002200104250000600126260002000132300000800152650002300160210716s1995 xx 000 0 und d a9780099552418 aeng a158.1 HART aHarris, Thomas A. aI'm ok you're ok. a1 aAustraliac1995 a269 aGeneral Management